Конспект лекций по электричеству, читанных в 1909 уч. году по курсу физики В. С. Титовым в Томском Технологическом Институте; Ч. 1 : Электростатика; "О магнетизме" В. С. Титова

Detalles Bibliográficos
Autor principal: Титов В. С. Вениамин Семенович
Sumario:Литограф. изд. в одном переплете с рукописью. Конволют.
Составил по указаниям лектора и издал студент И. А. Квашинский
Текст в русской дореформенной орфографии
Lenguaje:ruso
Publicado: Томск, Типография Сибирского Товарищества Печатного Дела, 1909
Copublished:В. Мецлер. "О магнетизме" В. С. Титова
Materias:
Formato: Libro
KOHA link:https://koha.lib.tpu.ru/cgi-bin/koha/opac-detail.pl?biblionumber=273251

MARC

LEADER 00000nam0a2200000 4500
001 273251
005 20231101234618.0
035 |a (RuTPU)RU\TPU\book\296460 
090 |a 273251 
100 |a 20141024d1909 u y0rusy50 ca 
101 0 |a rus 
102 |a RU 
105 |a af j 000zy 
200 1 |a Конспект лекций по электричеству, читанных в 1909 уч. году по курсу физики В. С. Титовым в Томском Технологическом Институте  |f В. С. Титов  |h Ч. 1 : Электростатика 
210 |a Томск  |c Типография Сибирского Товарищества Печатного Дела  |d 1909 
215 |a 240, [26] с.  |c ил. 
300 |a Литограф. изд. в одном переплете с рукописью. Конволют. 
300 |a Составил по указаниям лектора и издал студент И. А. Квашинский 
300 |a Текст в русской дореформенной орфографии 
316 |5 63413507: 56//339  |a Множественные карандашные пометы и подчеркивания в тексте 
423 |t "О магнетизме" В. С. Титова  |o [рукопись]  |f В. Мецлер  |a Мецлер, Вильгельм 
606 1 |a Электростатика  |x (физика)  |2 stltpush  |3 (RuTPU)RU\TPU\subj\60238  |9 77674 
606 1 |a Магнетизм  |2 stltpush  |3 (RuTPU)RU\TPU\subj\40707  |9 60547 
610 1 |a труды учёных ТПУ 
610 1 |a коллекция ТПУ 
610 1 |a проводники 
610 1 |a изоляторы 
610 1 |a электризация 
610 1 |a электрометры 
610 1 |a теорема Гаусса 
675 |a 537.2(075.8)  |v 3 
675 |a 537.6(075.8)  |v 3 
700 1 |a Титов  |b В. С.  |g Вениамин Семенович 
801 1 |a RU  |b 63413507  |c 20141024 
801 2 |a RU  |b 63413507  |c 20201208  |g RCR 
942 |c BK